El estilo soyhwest Airlines : (Registro nro. 4578)

Detalles MARC
000 -LEADER
fixed length control field 00979nam a2200217Ia 4500
003 - CONTROL NUMBER IDENTIFIER
control field OSt
005 - DATE AND TIME OF LATEST TRANSACTION
control field 20201007182541.0
008 - FIXED-LENGTH DATA ELEMENTS--GENERAL INFORMATION
fixed length control field 191128s2006 sp ad gr 000 0 spa d
020 ## - INTERNATIONAL STANDARD BOOK NUMBER
International Standard Book Number 8423424731
040 ## - CATALOGING SOURCE
Original cataloging agency CO-JMCR
Transcribing agency CO-JMCR
041 0# - LANGUAGE CODE
Language code of text/sound track or separate title spa
082 04 - DEWEY DECIMAL CLASSIFICATION NUMBER
Classification number 658.02 /
Item number G536e
Edition number 23
100 1# - MAIN ENTRY--PERSONAL NAME
Personal name Gittell, Jody Hoffer,
Relator term autor
9 (RLIN) 11338
245 13 - TITLE STATEMENT
Title El estilo soyhwest Airlines :
Remainder of title cómo gestionar las relaciones para obtener un gran rendimiento /
Statement of responsibility, etc. Jody Hoffer Gittell
260 ## - PUBLICATION, DISTRIBUTION, ETC.
Place of publication, distribution, etc. España :
Name of publisher, distributor, etc. McGranw Hill,
Date of publication, distribution, etc. 2006.
300 ## - PHYSICAL DESCRIPTION
Extent 310 páginas :
Other physical details diagramas a blanco y negro ;
Dimensions 25 cm.
505 0# - FORMATTED CONTENTS NOTE
Formatted contents note De love field a la aerolinia de mayor éxito del mundo -- De cómo Southwest utiliza las relaciones de alto rendimiento para superar los desafios estratetégicos -- Southwest frente a American Airlines-- Invertir en la dirección de primera linea
650 24 - SUBJECT ADDED ENTRY--TOPICAL TERM
Topical term or geographic name entry element Aerolíneas
Geographic subdivision Estados Unidos
9 (RLIN) 11339
650 24 - SUBJECT ADDED ENTRY--TOPICAL TERM
Topical term or geographic name entry element Gestión administración
Geographic subdivision Estados Unidos
9 (RLIN) 11340
942 ## - ADDED ENTRY ELEMENTS (KOHA)
Source of classification or shelving scheme Dewey Decimal Classification
Koha item type Books
Existencias
Withdrawn status Lost status Source of classification or shelving scheme Materials specified (bound volume or other part) Damaged status Not for loan Home library Current library Shelving location Date acquired Source of acquisition Full call number Barcode Date last seen Copy number Price effective from Koha item type
    Dewey Decimal Classification Donación--15/04/2018--     Biblioteca Pública José María del Castillo y Rada Biblioteca Pública José María del Castillo y Rada General Stacks 11/28/2019 Donación 658.02 / G536e 201809511 05/16/2024 Ej.1 11/28/2019 Books